Elementary principles of chemical processes (Record no. 25348)

000 -LEADER
fixed length control field 00647nam a2200217 a 4500
001 - CONTROL NUMBER
control field 25348
003 - CONTROL NUMBER IDENTIFIER
control field BD-DhUET
008 - FIXED-LENGTH DATA ELEMENTS--GENERAL INFORMATION
fixed length control field 850517s1986 nyua b 001 0 eng
040 ## - CATALOGING SOURCE
Original cataloging agency DLC
Transcribing agency DLC
Modifying agency BD-DhUET
082 00 - DEWEY DECIMAL CLASSIFICATION NUMBER
Classification number 660.284
Item number FEL/1986
100 ## - MAIN ENTRY--PERSONAL NAME
Personal name Felder, Richard M.
245 10 - TITLE STATEMENT
Title Elementary principles of chemical processes
250 ## - EDITION STATEMENT
Edition statement 2nd ed.
260 ## - PUBLICATION, DISTRIBUTION, ETC. (IMPRINT)
Place of publication, distribution, etc. New York
Name of publisher, distributor, etc. John Wiley & Sons
Date of publication, distribution, etc. 1986
300 ## - PHYSICAL DESCRIPTION
Extent xix, 668 p.
Other physical details ill.
Dimensions 25 cm.
490 ## - SERIES STATEMENT
Series statement Wiley series in chemical engineering
504 ## - BIBLIOGRAPHY, ETC. NOTE
Bibliography, etc Includes bibliographies
650 #0 - SUBJECT ADDED ENTRY--TOPICAL TERM
Topical term or geographic name as entry element Chemical processes, Pressure, Temperature, Energy
700 ## - ADDED ENTRY--PERSONAL NAME
Personal name Rousseau, Ronald W.
942 ## - ADDED ENTRY ELEMENTS (KOHA)
Koha item type General Book
Holdings
Date acquired Koha date last seen Shelving location Lost status Sublocation or collection (holding branch) Copy number Price effective from Location (home branch) Piece designation (barcode) Not for loan Koha full call number Koha normalized classification for sorting Withdrawn status Koha item type Koha date last borrowed Damaged status Koha issues (times borrowed) Source of classification or shelving scheme
2015-05-142022-11-22Circulation section Central Library, BUET12015-05-14Central Library, BUET70553 660.284/FEL/1986660_284000000000000_FEL_1986 General Book2022-11-21 1 
2015-05-142017-12-13Circulation section Central Library, BUET22015-05-14Central Library, BUET70552 660.284/FEL/1986660_284000000000000_FEL_1986 General Book2017-10-16 1 
2015-06-202015-06-20Reading section Central Library, BUET32015-06-20Central Library, BUET68089 660.284/FEL/1986660_284000000000000_FEL_1986 Reading Item    
2015-06-202015-06-20Reading section Central Library, BUET42015-06-20Central Library, BUET68090 660.284/FEL/1986660_284000000000000_FEL_1986 Reading Item    
2015-06-202015-06-20Reading section Central Library, BUET52015-06-20Central Library, BUET68092 660.284/FEL/1986660_284000000000000_FEL_1986 Reading Item    
2015-06-302015-06-30Reading section Central Library, BUET62015-06-30Central Library, BUET68091 660.284/FEL/1986660_284000000000000_FEL_1986 Reading Item